Makroekonomiczne uwarunkowania rynku pienieznego w Polsce
Salvato in:
| Autore principale: | |
|---|---|
| Natura: | Libro |
| Lingua: | polacco |
| Pubblicazione: |
Wroclaw
Wydawnictwo Akademii Ekonomicznej im. Oskara Langego we Wroclawiu
1998
|
| Serie: | Prace naukowe nr. 783
Seria: Monografie i opracowania nr. 125 |
| Soggetti: | |
| Tags: |
Nessun Tag, puoi essere il primo ad aggiungerne!!
|
MARC
| LEADER | 00000nam a2200000 4500 | ||
|---|---|---|---|
| 001 | c103067 | ||
| 005 | 20250509102648.6 | ||
| 020 | |a 83-7011-316-8 | ||
| 022 | |a 0324-8445, 0239-8532 | ||
| 041 | 0 | |a pol | |
| 044 | |a PL | ||
| 245 | 1 | 0 | |a Makroekonomiczne uwarunkowania rynku pienieznego w Polsce |c Maria Piotrowska |
| 264 | 1 | |a Wroclaw |b Wydawnictwo Akademii Ekonomicznej im. Oskara Langego we Wroclawiu |c 1998 | |
| 300 | |a 244 s. | ||
| 490 | 1 | |a Prace naukowe nr. 783 |v Seria: Monografie i opracowania nr. 125 | |
| 830 | 0 | |a Prace naukowe nr. 783 |v Seria: Monografie i opracowania nr. 125 | |
| 610 | 2 | 0 | |a makroekonomika |
| 610 | 2 | 0 | |a trh peňažný |
| 610 | 2 | 0 | |a nástroje finančné |
| 610 | 2 | 0 | |a intervencie |
| 610 | 2 | 0 | |a banky |
| 610 | 2 | 0 | |a teória peňažná |
| 610 | 2 | 0 | |a inflácia |
| 610 | 2 | 0 | |a papiere cenné |
| 610 | 2 | 0 | |a Poľsko |
| 100 | 1 | |a Piotrowska, Maria | |